| Поле | Инд. | ПП | Название | Значение |
|---|---|---|---|---|
| Тип записи | a | |||
| Библиографический уровень | m | |||
| 001 | Контрольный номер | 7db79183-be0d-411c-8061-06f238a387db | ||
| 005 | Дата корректировки | 20241102083509.7 | ||
| 008 | Кодируемые данные | 950630s1995 rur 00000 rus d | ||
| 040 | a | Служба первич. каталог. | НБ ТвГУ | |
| 041 | 0_ | a | Код языка текста | rus |
| 080 | a | Индекс УДК | 530.112 | |
| 084 | a | Индекс другой классификации/Индекс ББК | В313 | |
| 090 | x | Авторский знак | Л 70 | |
| a | Полочн. индекс | 53 | ||
| 100 | 1_ | a | Автор | Лодж Оливер |
| d | Дата | 1851-1940 | ||
| e | Роль лиц | Автор | ||
| 245 | 00 | a | Заглавие | Мировой эфир |
| c | Ответственность | Оливер Лодж ; перевод с английского под редакцией Д. Д. Хмырова | ||
| 260 | 0_ | a | Место издания | Одесса |
| b | Издательство | Mathesis | ||
| c | Дата издания | 1911 | ||
| 300 | a | Объем | [4], VI, 216 с. | |
| b | Иллюстрации/ тип воспроизводства | ил. | ||
| c | Размеры | 17 см | ||
| 561 | 1_ | a | История (примечание) | Из коллекции Тверского учительского института |
| 653 | 0_ | a | Ключевые слова | Эфир |
| a | Ключевые слова | Физика | ||
| 700 | 1_ | a | Другие авторы | Хмыров Д. Д. |
| e | Роль лиц | ред. пер. | ||
| 852 | 41 | x | Примечание, не предназначенное для пользователя | Твер. учит. ин-т (№ 3191а; 3191в) |
| 901 | t | Тип документа | m | |
| 920 | a | Оператор | Рунт | |
| a | Оператор | Алекс | ||
| a | Оператор | Петр | ||
| 930 | a | Новая/Ретро | ретро | |
| 952 | c | Вид литературы | К рн | |
| 954 | a | Дата поступления на обработку | 19971201 | |
| e | Дата перешифровки | 20241028 | ||
| c | Дата окончания ОНО | 20241102 | ||
| 954 | a | Дата поступления на обработку | 20230829 |